000 00211nam a22000857a 4500
008 161108b xxu||||| |||| 00| 0 eng d
100 _aBPI INDIA
_91058
245 _aSUNDER THE SEAHORSE
260 _aNEW DELHI
_bBPI
_c2011
999 _c3714
_d3714